| 000 | 00469nab a2200145Ia 4500 | ||
|---|---|---|---|
| 003 | ES-SlBCS | ||
| 005 | 20210601125248.0 | ||
| 008 | 140529s1985 xxu||||| |||| 00| 0 eng d | ||
| 041 | _aeng | ||
| 100 | 1 |
_aGuleserian, Theodore _9155692 |
|
| 245 | 0 | 0 |
_aCan Moral Perfection Be an Essential Attribute? _c Theodore Guleserian |
| 650 | 0 | 4 |
_aPerfección Moral _9156106 |
| 773 | 0 |
_tPhilosophy and Phenomenological Research _gvol. 46, 1985, págs. 219-242 _wRev1411 |
|
| 942 | _cAR | ||
| 999 |
_c527456 _d527456 |
||